Every D1 NCAA College in Maryland - Statistics

General Stats
  • This quiz has been taken 25 times
  • The average score is 6 of 9
Answer Stats
Hint Answer % Correct
Terrapins Maryland
100%
Tigers Towson
79%
Retrievers UMBC
79%
Midshipmen Navy
75%
Greyhounds Loyola
54%
Hawks Maryland Eastern Shore
54%
Bears Morgan St
54%
Mountaineers Mount St Mary's
50%
Eagles Coppin St
42%
No matching quizzes found
Score Distribution
Percent of People with Each Score
Percentile by Number Answered
Your Score History
You have not taken this quiz